Line to the British Throne Quiz Stats

 Plays Quiz Updated Jun 6, 2021

     
Support Sporcle.
Go Orange.
Score 0/24 Timer 04:00
2 Plays Today
Position in the line of succession Member of Royal Family % Correct
1stThe Prince of Wales, Prince Charles
97.4%
6thThe Duke of Sussex, Prince Henry
96.5%
2ndThe Duke of Cambridge, Prince William
95.7%
3rdThe Prince of Cambridge, Prince George
93.6%
4thThe Princess of Cambridge, Princess Charlotte
86%
5thThe Prince of Cambridge, Prince Louis
82.3%
7thMaster Archie Mountbatten-Windsor
81.2%
9thThe Duke of York, Prince Andrew
75.8%
17thThe Princess Royal, Princess Anne
73%
14thThe Earl of Wessex, Prince Edward
69.7%
21stZara Tindall
66.6%
8thLilibet Mountbatten-Windsor
65.5%
Position in the line of succession Member of Royal Family % Correct
10thPrincess Beatrice of York
64.6%
12thPrincess Eugenie of York
55.3%
22ndMia Tindall
43.5%
13thAugust Brooksbank
37.8%
18thPeter Phillips
35.4%
20thIsla Phillips
35.3%
15thJames, Viscount Severn
34.5%
23rdLena Tindall
33.2%
19thSavannah Phillips
33.2%
11thSienna Mapelli Mozzi
28.3%
16thThe Lady Louise Mountbatten-Windsor
28%
24thLucas Tindall
25.9%

From the Vault

Largest Economy World Metros

by France

Geography 10m
These cities might be better off if they just turn into a city-state.
Remove Ads.
Support Sporcle.
Get the best of Sporcle when you Go Orange. This ad-free experience offers more features, more stats, and more fun while also helping to support Sporcle. Thank you for becoming a member.

Show Comments

Extras

Top Quizzes Today


Score Distribution

Your Account Isn't Verified!

In order to create a playlist on Sporcle, you need to verify the email address you used during registration. Go to your Sporcle Settings to finish the process.

Report this User

Report this user for behavior that violates our Community Guidelines.

Details: